书目信息 |
| 题名: |
概率论与数理统计典型题分析解集(第2版)
|
|
| 作者: | 赵选民 , 师义民 编 | |
| 分册: | ||
| 出版信息: | 西安 西北工业大学出版社 1998.07 |
|
| 页数: | 335页 | |
| 开本: | 32开 | |
| 丛书名: | ||
| 单 册: | ||
| 中图分类: | O21-44 | |
| 科图分类: | ||
| 主题词: | 概率论 , 数理统计 | |
| 电子资源: | ||
| ISBN: | 7-5612-1067-1 | |
| 000 | 00677nam0 2200217 45 | |
| 001 | 0011172049 | |
| 005 | 20001129171707.5 | |
| 010 | @a7-5612-1067-1@d14.00元 | |
| 100 | @a20001117d1998 km y0chiy0120 ea | |
| 101 | 0 | @achi |
| 105 | @a z 000yy | |
| 200 | 1 | @a概率论与数理统计典型题分析解集(第2版)@AGai Lu Lun Yu Shu Li Tong Ji Dian Xing Ti Fen Xi JieJi(Di 2 Ban)@f赵选民,师义民编@FZhao Xuan Min,Shi Yi Min Bian |
| 210 | @a西安@c西北工业大学出版社@d1998.07 | |
| 215 | @a335页@d32开 | |
| 606 | 0 | @a概率论 |
| 606 | 0 | @a数理统计 |
| 690 | @aO21-44@v3 | |
| 701 | 0 | @a赵选民@4编 |
| 701 | 0 | @a师义民@4编 |
| 801 | @aCN@bPftUser@c20001117 | |
| 905 | @dO21-44@eZH542@b507705-707@f3 | |
| 概率论与数理统计典型题分析解集(第2版)/赵选民,师义民编.-西安:西北工业大学出版社,1998.07 |
| 335页;32开 |
| ISBN 7-5612-1067-1:14.00元 |
| ● |
| 相关链接 |
|
|
|
正题名:概率论与数理统计典型题分析解集(第2版)
索取号:O21-44/ZH542
 
预约/预借
| 序号 | 登录号 | 条形码 | 馆藏地/架位号 | 状态 | 备注 |
| 1 | 507705 | 205077058 | 自科二线504/504自科库 48排3列4层/ [索取号:O21-44/ZH542] | 在馆 | |
| 2 | 507706 | 205077067 | 自科二线504/504自科库 48排3列4层/ [索取号:O21-44/ZH542] | 在馆 | |
| 3 | 507707 | 205077076 | 自科二线504/504自科库 48排3列4层/ [索取号:O21-44/ZH542] | 在馆 |